Gene Control (Record no. 1688477)

MARC details
000 -LEADER
fixed length control field 00300 a2200133 4500
000 - LEADER
fixed length control field nam a22 7a 4500
005 - DATE AND TIME OF LATEST TRANSACTION
control field 20260306110005.0
020 ## - INTERNATIONAL STANDARD BOOK NUMBER
International Standard Book Number 9781032465463
100 ## - MAIN ENTRY--PERSONAL NAME
Personal name David S. Latchman
9 (RLIN) 1123631
245 ## - TITLE STATEMENT
Title Gene Control
250 ## - EDITION STATEMENT
Edition statement 3rd
260 ## - PUBLICATION, DISTRIBUTION, ETC.
Name of publisher, distributor, etc. CRC Press
Date of publication, distribution, etc. 2025
942 ## - ADDED ENTRY ELEMENTS (KOHA)
Koha item type Textual
Holdings
Withdrawn status Lost status Source of classification or shelving scheme Damaged status Not for loan Home library Current library Date acquired Source of acquisition Cost, normal purchase price Inventory number Total Checkouts Barcode Date last seen Cost, replacement price Price effective from Koha item type
    Colon Classification (CC)   Ordered South Campus Library South Campus Library 2026-03-06 93 8489.53 022 & 14/12/2025   SC1691565 2026-03-06 10611.91 2026-03-06 Textual
    Colon Classification (CC)   Ordered South Campus Library South Campus Library 2026-03-06 93 8489.53 022 & 14/12/2025   SC1691567 2026-03-06 10611.91 2026-03-06 Textual
    Colon Classification (CC)   Ordered South Campus Library South Campus Library 2026-03-06 93 8489.53 022 & 14/12/2025   SC1691566 2026-03-06 10611.91 2026-03-06 Textual
    Colon Classification (CC)   Ordered South Campus Library South Campus Library 2026-03-06 93 8489.53 022 & 14/12/2025   SC1691564 2026-03-06 10611.91 2026-03-06 Textual
    Colon Classification (CC)   Ordered South Campus Library South Campus Library 2026-03-06 93 8489.53 022 & 14/12/2025   SC1691563 2026-03-06 10611.91 2026-03-06 Textual
Copyright @ Delhi University Library System